The housing needs of people with a visual impairment. (Record no. 89525)

MARC details
000 -LEADER
fixed length control field 00898cam a2200325 4500
008 - FIXED-LENGTH DATA ELEMENTS--GENERAL INFORMATION
fixed length control field 090401t1995 xxu||||| |||| 00| 0 eng d
020 ## - INTERNATIONAL STANDARD BOOK NUMBER
International Standard Book Number 0901454591
035 ## - SYSTEM CONTROL NUMBER
System control number (Sirsi) u30886
041 ## - LANGUAGE CODE
Language code of text/sound track or separate title eng
050 ## - LIBRARY OF CONGRESS CALL NUMBER
Classification number 306.73
-- 18
100 ## - MAIN ENTRY--PERSONAL NAME
Personal name Cooper, S. A.
245 #4 - TITLE STATEMENT
Title The housing needs of people with a visual impairment.
260 ## - PUBLICATION, DISTRIBUTION, ETC.
Place of publication, distribution, etc. London
Name of publisher, distributor, etc. Housing Corporation
Date of publication, distribution, etc. 1995
300 ## - PHYSICAL DESCRIPTION
Extent 64p.
Dimensions 30cm.
350 ## - PRICE (NR) (BK AM CF MU VM SE) [OBSOLETE]
Price 10
490 ## - SERIES STATEMENT
Series statement Housing Corporation Research Report
Volume/sequential designation 6
520 ## - SUMMARY, ETC.
Summary, etc. Report by the RNIB to the Housing Corporation.
650 ## - SUBJECT ADDED ENTRY--TOPICAL TERM
Topical term or geographic name entry element BLIND
650 ## - SUBJECT ADDED ENTRY--TOPICAL TERM
Topical term or geographic name entry element HOUSING NEEDS
650 ## - SUBJECT ADDED ENTRY--TOPICAL TERM
Topical term or geographic name entry element PARTIALLY SIGHTED
650 ## - SUBJECT ADDED ENTRY--TOPICAL TERM
Topical term or geographic name entry element VISUALLY IMPAIRED
690 ## - LOCAL SUBJECT ADDED ENTRY--TOPICAL TERM (OCLC, RLIN)
Topical term or geographic name as entry element HOUSING
700 ## - ADDED ENTRY--PERSONAL NAME
Personal name Sharpe, K.
700 ## - ADDED ENTRY--PERSONAL NAME
Personal name Barrick, J.
700 ## - ADDED ENTRY--PERSONAL NAME
Personal name Crowther, N.
710 ## - ADDED ENTRY--CORPORATE NAME
Corporate name or jurisdiction name as entry element Royal National Institute for the Blind
9 (RLIN) 3225
710 ## - ADDED ENTRY--CORPORATE NAME
Corporate name or jurisdiction name as entry element Housing Corporation
942 ## - ADDED ENTRY ELEMENTS (KOHA)
Suppress in OPAC 0
948 ## - LOCAL PROCESSING INFORMATION (OCLC); SERIES PART DESIGNATOR (RLIN)
c (OCLC) 04/03/1997
Holdings
Withdrawn status Lost status Source of classification or shelving scheme Damaged status Not for loan Home library Current library Shelving location Date acquired Cost, normal purchase price Total Checkouts Full call number Barcode Date last seen Date last checked out Copy number Cost, replacement price Price effective from Koha item type
    Dewey Decimal Classification     London London Folio 02/08/1995 10.00 4 F306.73 30046204 06/08/2019 06/04/2005 1 10.00 06/08/2019 Book